| 000 | 00778nam0a22002651 4500 | ||
|---|---|---|---|
| 001 | v19\rc\2026217 | ||
| 005 | 20260407104517.0 | ||
| 035 | _a(NLR Aleph) 005106279 | ||
| 090 |
_a7445112 _c7445112 |
||
| 100 | _a20080925d1916 u y0rusy50 ca | ||
| 101 | 0 | _arus | |
| 102 | _aRU | ||
| 105 | _ay dj ||||| | ||
| 200 | 1 | _aО реформе духовно-учебных заведений | |
| 210 |
_a[Петроград _d1916] |
||
| 215 |
_a76 с. _d37 |
||
| 710 | 0 | 1 |
_aРоссия _bСинод _bУчебный комитет _3RU\NLR\AUTH\889934472 _9364021 |
| 801 | 0 |
_aRU _bNLR _gpsbo |
|
| 801 | 0 |
_aRU _bRuMoRGB _2psbo |
|
| 801 | 1 |
_aRU _bProSoft-M _2rusmarc |
|
| 852 |
_aNLR _j37.55.1.451 |
||
| 899 |
_aRuMoRGB _jV 107/24 |
||
| 899 |
_aRuMoRGB _jV 107/30 |
||
| 942 | _cBOOK | ||
| 980 | _aNB | ||